000
00480nam a2200181Ia 4500
008
090124s9999 xx 000 0 und d
082
_b
12623
100
_a
संत वि.द.
245
_a
गुलमोहर
250
_a
1
260
_b
प्रणव प्रकाशन
_c
1980
300
_a
102
600
_a
संत वि.द.
630
_a
गुलमोहर
700
_a
संत वि.द.
730
_a
गुलमोहर
942
_c
BOOK
999
_c
86916
_d
86916